书目信息 |
| 题名: |
高性能纤维产业技术发展研究
|
|
| 作者: | 周宏 编著 | |
| 分册: | ||
| 出版信息: | 北京 国防工业出版社 2018.07 |
|
| 页数: | XIII, 241页, 8页图版 | |
| 开本: | 24cm | |
| 丛书名: | 高性能纤维技术丛书 | |
| 单 册: | ||
| 中图分类: | TB334 , TB33 | |
| 科图分类: | ||
| 主题词: | 纤维增强复合材料--xian wei zeng qiang fu he cai liao--技术发展--研究 | |
| 电子资源: | ||
| ISBN: | 978-7-118-11605-2 | |
| 000 | 01255nam 2200301 450 | |
| 001 | 2328013793 | |
| 005 | 20231124074854.23 | |
| 010 | @a978-7-118-11605-2@dCNY78.00 | |
| 100 | @a20180906d2018 em y0chiy50 ea | |
| 101 | 0 | @achi |
| 102 | @aCN@b110000 | |
| 105 | @aafk a 000yy | |
| 200 | 1 | @a高性能纤维产业技术发展研究@Agao xing neng xian wei chan ye ji shu fa zhan yan jiu@f周宏编著 |
| 210 | @a北京@c国防工业出版社@d2018.07 | |
| 215 | @aXIII, 241页, 8页图版@c图@d24cm | |
| 225 | 2 | @a高性能纤维技术丛书@Agao xing neng xian wei ji shu cong shu |
| 300 | @a国家出版基金项目 “十二五”国家重点出版规划项目 | |
| 312 | @a英文题名取自封面 | |
| 320 | @a有书目 | |
| 330 | @a本书以碳纤维和对位芳纶为例, 综述了高性能纤维的主要应用领域和近期技术进展, 阐述了高性能纤维的技术特点和产业规律, 研究梳理了碳纤维和对位芳纶技术的发现、发明史, 并对碳纤维和对位芳纶产业技术的成功因素进行了案例研究。 | |
| 410 | 0 | @12001 @a高性能纤维技术丛书 |
| 510 | 1 | @aResearch of technological development for high-performance fiber industry@zeng |
| 606 | 0 | @a纤维增强复合材料@Axian wei zeng qiang fu he cai liao@x技术发展@x研究 |
| 690 | @aTB334@v5 | |
| 690 | @aTB33@v4 | |
| 701 | 0 | @a周宏@Azhou hong@4编著 |
| 801 | 0 | @aCN@b人天书店@c20180906 |
| 905 | @aBZT@dTB33@e5 | |
| 高性能纤维产业技术发展研究/周宏编著.-北京:国防工业出版社,2018.07 |
| XIII, 241页, 8页图版:图;24cm.-(高性能纤维技术丛书) |
| 国家出版基金项目 “十二五”国家重点出版规划项目 |
| ISBN 978-7-118-11605-2:CNY78.00 |
| 本书以碳纤维和对位芳纶为例, 综述了高性能纤维的主要应用领域和近期技术进展, 阐述了高性能纤维的技术特点和产业规律, 研究梳理了碳纤维和对位芳纶技术的发现、发明史, 并对碳纤维和对位芳纶产业技术的成功因素进行了案例研究。 |
| ● |
| 相关链接 |
|
|
|
正题名:高性能纤维产业技术发展研究
索取号:TB33/5
 
预约/预借
| 序号 | 登录号 | 条形码 | 馆藏地/架位号 | 状态 | 备注 |
| 1 | 2001108203 | 2001108203 | 东辅楼二楼书库/ [索取号:TB33/5] | 在馆 | |
| 2 | 2001108204 | 2001108204 | 东辅楼二楼书库/ [索取号:TB33/5] | 在馆 | |
| 3 | 2001108205 | 2001108205 | 东辅楼二楼书库/ [索取号:TB33/5] | 在馆 | |
| 4 | 2001108206 | 2001108206 | 东辅楼二楼书库/ [索取号:TB33/5] | 在馆 | |
| 5 | 2001108207 | 2001108207 | 东辅楼二楼书库/ [索取号:TB33/5] | 在馆 | |
| 6 | 2001108208 | 2001108208 | 东辅楼二楼书库/ [索取号:TB33/5] | 在馆 | |
| 7 | 2001108209 | 2001108209 | 东辅楼二楼书库/ [索取号:TB33/5] | 在馆 | |
| 8 | 2001108210 | 2001108210 | 东辅楼二楼书库/ [索取号:TB33/5] | 在馆 | |
| 9 | 2001108211 | 2001108211 | 东辅楼二楼书库/ [索取号:TB33/5] | 在馆 | |
| 10 | 2001108212 | 2001108212 | 东辅楼二楼书库/ [索取号:TB33/5] | 在馆 | |
| 11 | 2001108213 | 2001108213 | 东辅楼二楼书库/ [索取号:TB33/5] | 在馆 | |
| 12 | 2001108214 | 2001108214 | 东辅楼二楼书库/ [索取号:TB33/5] | 在馆 | |
| 13 | 2001108215 | 2001108215 | 东辅楼二楼书库/ [索取号:TB33/5] | 在馆 | |
| 14 | 2001108216 | 2001108216 | 东辅楼二楼书库/ [索取号:TB33/5] | 在馆 | |
| 15 | 2001108217 | 2001108217 | 东辅楼二楼书库/ [索取号:TB33/5] | 在馆 | |
| 16 | 2001108218 | 2001108218 | 东辅楼二楼书库/ [索取号:TB33/5] | 在馆 | |
| 17 | 2001108219 | 2001108219 | 东辅楼二楼书库/ [索取号:TB33/5] | 在馆 | |
| 18 | 2001108220 | 2001108220 | 东辅楼二楼书库/ [索取号:TB33/5] | 在馆 | |
| 19 | 2001108221 | 2001108221 | 东辅楼二楼书库/ [索取号:TB33/5] | 在馆 | |
| 20 | 2001108222 | 2001108222 | 东辅楼二楼书库/ [索取号:TB33/5] | 在馆 | |
| 21 | 2001108223 | 2001108223 | 东辅楼二楼书库/ [索取号:TB33/5] | 在馆 | |
| 22 | 2001108224 | 2001108224 | 东辅楼二楼书库/ [索取号:TB33/5] | 在馆 | |
| 23 | 2001108225 | 2001108225 | 东辅楼二楼书库/ [索取号:TB33/5] | 在馆 | |
| 24 | 2001108226 | 2001108226 | 东辅楼二楼书库/ [索取号:TB33/5] | 在馆 | |
| 25 | 2001108227 | 2001108227 | 东辅楼二楼书库/ [索取号:TB33/5] | 在馆 | |
| 26 | 2001108228 | 2001108228 | 东辅楼二楼书库/ [索取号:TB33/5] | 在馆 | |
| 27 | 2001108229 | 2001108229 | 东辅楼二楼书库/ [索取号:TB33/5] | 在馆 | |
| 28 | 2001108230 | 2001108230 | 东辅楼二楼书库/ [索取号:TB33/5] | 在馆 | |
| 29 | 2001108231 | 2001108231 | 东辅楼二楼书库/ [索取号:TB33/5] | 在馆 | |
| 30 | 2001108232 | 2001108232 | 东辅楼二楼书库/ [索取号:TB33/5] | 在馆 | |
| 31 | 2001121979 | 2001121979 | 东辅楼二楼书库/ [索取号:TB33/5] | 在馆 |